| 000 -LEADER |
| fixed length control field |
00747nam a2200265Ia 4500 |
| 001 - CONTROL NUMBER |
| control field |
16185 |
| 003 - CONTROL NUMBER IDENTIFIER |
| control field |
GE_BSU |
| 008 - FIXED-LENGTH DATA ELEMENTS--GENERAL INFORMATION |
| fixed length control field |
181216s||||||||xx |||||||||||||| ||und|| |
| 020 ## - INTERNATIONAL STANDARD BOOK NUMBER |
| International Standard Book Number |
9780521012621 |
| 020 ## - INTERNATIONAL STANDARD BOOK NUMBER |
| Terms of availability |
Bibliogr.p.547-561 |
| 040 ## - CATALOGING SOURCE |
| Transcribing agency |
GE_BSU |
| 080 ## - UNIVERSAL DECIMAL CLASSIFICATION NUMBER |
| Universal Decimal Classification number |
327.2 |
| 100 ## - MAIN ENTRY--PERSONAL NAME |
| Personal name |
Gillingham, John |
| 245 ## - TITLE STATEMENT |
| Title |
European Union Politics,1950-2003:Superstate or New Market Economy |
| 260 ## - PUBLICATION, DISTRIBUTION, ETC. |
| Place of publication, distribution, etc. |
New York |
| 260 ## - PUBLICATION, DISTRIBUTION, ETC. |
| Name of publisher, distributor, etc. |
Cambridge university press |
| 260 ## - PUBLICATION, DISTRIBUTION, ETC. |
| Date of publication, distribution, etc. |
2003 |
| 300 ## - PHYSICAL DESCRIPTION |
| Extent |
588p.24cm. |
| 653 ## - INDEX TERM--UNCONTROLLED |
| Uncontrolled term |
European Union Politics,1950-2003 |
| 653 ## - INDEX TERM--UNCONTROLLED |
| Uncontrolled term |
Superstate or New Market Economy |
| 653 ## - INDEX TERM--UNCONTROLLED |
| Uncontrolled term |
ევროკავშირის პოლიტიკა |
| 653 ## - INDEX TERM--UNCONTROLLED |
| Uncontrolled term |
პოლიტიკა |
| 942 ## - ADDED ENTRY ELEMENTS (KOHA) |
| Koha item type |
წიგნი |